| 000 | 00430cam a2200181ua 4500 | ||
|---|---|---|---|
| 020 | _c2.60 | ||
| 041 |
_aeng _h |
||
| 082 |
_a595.796 _bMOR/AN |
||
| 100 | _aMorley, Derek Wragge . | ||
| 245 |
_aAnt world / _cDerek Wragge Morley. _hTextual Documents |
||
| 250 |
_a1 / _b. |
||
| 260 |
_aBellomore : _bPenguin Books , _c1955. |
||
| 300 | _a190 ; . | ||
| 365 | _a2.60 | ||
| 504 | _a | ||
| 942 | _cBK | ||
| 999 |
_c5678 _d5678 |
||